>Responses for Show #8794 - Thursday, January 26, 2023>h1>

>Troy Meyer game 6.

Contestants

>[&lt;< previous game]

> href="showplayer.php?player_id=15268" rel="external">John Guszkowski>, a planning consultant from Pomfret, Connecticut

> href="showplayer.php?player_id=15269" rel="external">Emma Moore>, a librarian from Princeton, New Jersey

> href="showplayer.php?player_id=15243" rel="external">Troy Meyer>, a music executive from Tampa, Florida (whose 5-day cash winnings total $170,401)

>[next game >>]

Jeopardy! Round responses

ble class="round"> <tr> <tr>able>
>20th CENTURY AMERICA
>td>
<tr> <tr>able>
>LET'S TALK ABOUT SAX, BABY
>td>
<tr> <tr>able>
>WORKING 9 2 5
>(Ken: Each response will be 9, 2 or 5 or some combination of those digits.)
<tr> <tr>able>
>WHAT'S IN THE BOTTLE?
>td>
<tr> <tr>able>
>ALLITERATION TIME
>td>
<tr> <tr>able> </tr> <tr> </tr> <tr> </tr> <tr> </tr> <tr> </tr> <tr> </tr> <tr> </tr> <tr> </tr> <tr> </tr> <tr> </tr> <tr> </tr> <tr> </tr> <tr> </tr> <tr> </tr> <tr> </tr> <tr> </tr> <tr> </tr> <tr> </tr> <tr> </tr> <tr> </tr> <tr> </tr> <tr> </tr> <tr> </tr> <tr> </tr> <tr> </tr> <tr> </tr> <tr> </tr> <tr> </tr> <tr> </tr> <tr> </tr> <tr> </tr> <tr> </tr> <tr> </tr> <tr> </tr> <tr> </tr> <tr> </tr>
>THE "END"s OF THE EARTH
>td>
<tr> <td>
>&#160;   >$200 > href="suggestcorrection.php?clue_id=448039" title="Suggest a correction for this clue" rel="nofollow">29>td>
>m class="correct_response">California>r />
>able width="100%">>d class="right">Emma>tr>>td> </tr> able>
<tr> <td>
>&#160;   >$200 > href="suggestcorrection.php?clue_id=448040" title="Suggest a correction for this clue" rel="nofollow">30>td>
>m class="correct_response">Rio>r />
>able width="100%">>d class="right">John>tr>>td> </tr> able>
<tr> <td>
>&#160;   >$200 > href="suggestcorrection.php?clue_id=448041" title="Suggest a correction for this clue" rel="nofollow">28>td>
>m class="correct_response">9>r />
>able width="100%">>d class="right">John>tr>>td> </tr> able>
<tr> <td>
>&#160;   >$200 > href="suggestcorrection.php?clue_id=448043" title="Suggest a correction for this clue" rel="nofollow">26>td>
>m class="correct_response">Tabasco sauce>r />
>able width="100%">>d class="right">John>tr>>td> </tr> able>
<tr> <td>
>&#160;   >$200 > href="suggestcorrection.php?clue_id=448044" title="Suggest a correction for this clue" rel="nofollow">25>td>
>m class="correct_response">a visible vet>r />
>able width="100%">>d class="right">Emma>tr>>td> </tr> able>
<tr> <td>
>&#160;   >$200 > href="suggestcorrection.php?clue_id=448047" title="Suggest a correction for this clue" rel="nofollow">23>td>
>m class="correct_response">Independence>r />
>able width="100%">>d class="right">John>tr>>td> </tr> able>
<tr> <td>
>&#160;   >$400 > href="suggestcorrection.php?clue_id=448034" title="Suggest a correction for this clue" rel="nofollow">16>td>
>m class="correct_response">Harry Houdini>r />
>able width="100%">>d class="right">Troy>tr>>td> </tr> able>
<tr> <td>
>&#160;   >$400 > href="suggestcorrection.php?clue_id=448022" title="Suggest a correction for this clue" rel="nofollow">14>td>
>m class="correct_response">Kenny G>r />
>able width="100%">>d class="right">John>tr>>td> </tr> able>
<tr> <td>
>&#160;   >$400 > href="suggestcorrection.php?clue_id=448042" title="Suggest a correction for this clue" rel="nofollow">27>td>
(Emma: What is 50?)
>r />m class="correct_response">25>r />
>able width="100%">>d class="right">Troy>d class="wrong">Emma>tr>>td> </tr> able>
<tr> <td>
>&#160;   >$400 > href="suggestcorrection.php?clue_id=448036" title="Suggest a correction for this clue" rel="nofollow">20>td>
(Troy: What's basalmic?)
>r />m class="correct_response">balsamic>r />
>able width="100%">>d class="wrong">Troy>d class="right">John>tr>>td> </tr> able>
<tr> <td>
>&#160;   >$400 > href="suggestcorrection.php?clue_id=448045" title="Suggest a correction for this clue" rel="nofollow">24>td>
>(Ken: These are good band names.)
[Laughter]
>r />myopic macaroni>r />
>able width="100%">>d class="right">Troy>tr>>td> </tr> able>
<tr> <td>
>&#160;   >$400 22>td>
Bend>r />
>able width="100%">>d class="right">John>tr>>td> </tr> able>
<tr> <td>
>&#160;   $600 4>td>
Jim Thorpe>r />
>able width="100%">>d class="right">Troy>tr>>td> </tr> able>
<tr> <td>
>&#160;   $600 13>td>
(John: Uh, what is "Wake Me Up Before You Go-Go"?)
>(Emma: What is, uh... [Sighs] pass.)
(Ken: Troy? Music executive?)
>(Troy: I know.)
(Ken: I guess my impression didn't help, sorry; we didn't have the music rights to [*].)
(Troy: Yeah, yeah, yeah.)
>r />m class="correct_response">"Careless Whisper">r />
>able width="100%">>d class="wrong">Emma>d class="wrong">John>tr>table>>r>d class="wrong">Triple Stumper>tr>>td> </tr> able>
<tr> <td>
>&#160;   $600 > href="suggestcorrection.php?clue_id=448035" title="Suggest a correction for this clue" rel="nofollow">17>td>
>m class="correct_response">a 529 plan>r />
>able width="100%">>d class="right">John>tr>>td> </tr> able>
<tr> <td>
>&#160;   $600 > href="suggestcorrection.php?clue_id=448037" title="Suggest a correction for this clue" rel="nofollow">19>td>
>m class="correct_response">Chanel No. 5>r />
>able width="100%">>d class="right">Troy>tr>>td> </tr> able>
<tr> <td>
>&#160;   $600 > href="suggestcorrection.php?clue_id=448046" title="Suggest a correction for this clue" rel="nofollow">21>td>
>m class="correct_response">a green grasshopper>r />r />>r>d class="wrong">Triple Stumper>tr>>td> </tr> able> <tr> <td>
>&#160;   $600 > href="suggestcorrection.php?clue_id=448031" title="Suggest a correction for this clue" rel="nofollow">12>td>
>m class="correct_response">Endeavour>r />
>able width="100%">>d class="right">Troy>tr>>td> </tr> able>
<tr> <td>
>&#160;   $1,000 > href="suggestcorrection.php?clue_id=448019" title="Suggest a correction for this clue" rel="nofollow">2>td>
>m class="correct_response">the Macy's Thanksgiving Parade>r />
>able width="100%">>d class="right">Troy>tr>>td> </tr> able>
<tr> <td>
>&#160;   $800 > href="suggestcorrection.php?clue_id=448024" title="Suggest a correction for this clue" rel="nofollow">3>td>
>m class="correct_response">INXS>r />
>able width="100%">>d class="right">Emma>tr>>td> </tr> able>
<tr> <td>
>&#160;   $800 > href="suggestcorrection.php?clue_id=448026" title="Suggest a correction for this clue" rel="nofollow">6>td>
>m class="correct_response">95>r />
>able width="100%">>d class="right">Troy>tr>>td> </tr> able>
<tr> <td>
>&#160;   $800 > href="suggestcorrection.php?clue_id=448038" title="Suggest a correction for this clue" rel="nofollow">18>td>
(John: Uh... shoot, what is Dom Perignon?)
>r />m class="correct_response">Moet et Chandon>r />
>able width="100%">r>d class="wrong">John>tr>table>>r>d class="wrong">Triple Stumper>tr>>td> </tr> able>
<tr> <td>
>&#160;   $800 > href="suggestcorrection.php?clue_id=448029" title="Suggest a correction for this clue" rel="nofollow">10>td>
>(Emma: What is a tomato?)
(Ken: More specifically?)
(Emma: Uh, what is a, uh...)
>r />m class="correct_response">a transparent tomato>r />
>able width="100%">>d class="wrong">Emma>d class="right">John>tr>>td> </tr> able>
<tr> <td>
>&#160;   $800 > href="suggestcorrection.php?clue_id=448032" title="Suggest a correction for this clue" rel="nofollow">8>td>
>m class="correct_response">the West End & East End>r />
>able width="100%">>d class="right">Troy>tr>>td> </tr> able>
<tr> <td>
>&#160;   $1000 > href="suggestcorrection.php?clue_id=448020" title="Suggest a correction for this clue" rel="nofollow">1>td>
>m class="correct_response">St. Louis>r />
>able width="100%">>d class="right">Troy>tr>>td> </tr> able>
<tr> <td>
>&#160;   $1000 > href="suggestcorrection.php?clue_id=448025" title="Suggest a correction for this clue" rel="nofollow">5>td>
>m class="correct_response">"Take A Walk On The Wild Side">r />
>able width="100%">>d class="right">John>tr>>td> </tr> able>
<tr> <td>
>&#160;   $1000 > href="suggestcorrection.php?clue_id=448027" title="Suggest a correction for this clue" rel="nofollow">7>td>
(Ken: Some quick math, but not quick enough.)
>r />m class="correct_response">52>r />r />>r>d class="wrong">Triple Stumper>tr>>td> </tr> able>
<tr> <td>
>&#160;   $1000 > href="suggestcorrection.php?clue_id=448028" title="Suggest a correction for this clue" rel="nofollow">15>td>
>m class="correct_response">Jordan>r />
>able width="100%">>d class="right">Troy>tr>>td> </tr> able>
<tr> <td>
>&#160;   $1000 > href="suggestcorrection.php?clue_id=448030" title="Suggest a correction for this clue" rel="nofollow">11>td>
>m class="correct_response">a hefty (heavy) hawk>r />
>able width="100%">>d class="right">Troy>tr>>td> </tr> able>
<tr> <td>
>&#160;   $1000 > href="suggestcorrection.php?clue_id=448033" title="Suggest a correction for this clue" rel="nofollow">9>td>
(Emma: Uh, what is, uh, Dorset?)
>r />m class="correct_response">Land's End>r />
>able width="100%">>d class="right">Troy>d class="wrong">Emma>tr>>td> </tr> able>

Scores at the first commercial break (after clue 15):

Troy Emma John
$7,800 -$1,600 $1,600

Scores at the end of the Jeopardy! Round:

Troy Emma John
$9,200 -$1,600 $3,000

Double Jeopardy! Round responses

ble class="round">
<tr> <tr>able>
>A LINE IN THE SAND
>td>
<tr> <tr>able>
>LANGUAGES
>td>
<tr> <tr>able>
>VENOMOUS CREATURES
>td>
<tr> <tr>able>
>FINANCE & INVESTING
>td>
<tr> <tr>able>
>"B" MOVIES
>td>
<tr> <tr>able> </tr> <tr> </tr> <tr> </tr> <tr> </tr> <tr> </tr> <tr> </tr> <tr> </tr> <tr> </tr> <tr> </tr> <tr> </tr> <tr> </tr> <tr> </tr> <tr> </tr> <tr> </tr> <tr> </tr> <tr> </tr> <tr> </tr> <tr> </tr> <tr> </tr> <tr> </tr> <tr> </tr> <tr> </tr> <tr> </tr> <tr> </tr> <tr> </tr> <tr> </tr> <tr> </tr> <tr> </tr> <tr> </tr> <tr> </tr> <tr> </tr> <tr> </tr> <tr> </tr> <tr> </tr> <tr> </tr> <tr> </tr> able>

Scores at the end of the Double Jeopardy! Round:

>12 LETTERS OR MORE
>td>
<tr> <td>
>&#160;   >$400 > href="suggestcorrection.php?clue_id=448074" title="Suggest a correction for this clue" rel="nofollow">30>td>
>m class="correct_response">Robinson Crusoe>r />
>able width="100%">>d class="right">John>tr>>td> </tr> able>
<tr> <td>
>&#160;   >$400 > href="suggestcorrection.php?clue_id=448075" title="Suggest a correction for this clue" rel="nofollow">29>td>
>m class="correct_response">Russian>r />
>able width="100%">>d class="right">John>tr>>td> </tr> able>
<tr> <td>
>&#160;   >$400 > href="suggestcorrection.php?clue_id=448076" title="Suggest a correction for this clue" rel="nofollow">26>td>
>m class="correct_response">a box jellyfish>r />
>able width="100%">>d class="right">John>tr>>td> </tr> able>
<tr> <td>
>&#160;   >$400 > href="suggestcorrection.php?clue_id=448077" title="Suggest a correction for this clue" rel="nofollow">28>td>
>m class="correct_response">Apple>r />
>able width="100%">>d class="right">Troy>tr>>td> </tr> able>
<tr> <td>
>&#160;   >$400 > href="suggestcorrection.php?clue_id=448069" title="Suggest a correction for this clue" rel="nofollow">20>td>
[Ken rolls his "R" to say "freedom".]
>r />m class="correct_response">>Braveheart>r />
>able width="100%">>d class="right">Emma>tr>>td> </tr> able>
<tr> <td>
>&#160;   >$400 > href="suggestcorrection.php?clue_id=448078" title="Suggest a correction for this clue" rel="nofollow">27>td>
>m class="correct_response">claustrophobia>r />
>able width="100%">>d class="right">Troy>tr>>td> </tr> able>
<tr> <td>
>&#160;   $800 > href="suggestcorrection.php?clue_id=448055" title="Suggest a correction for this clue" rel="nofollow">16>td>
>m class="correct_response">the >Lord of the Flies>r />
>able width="100%">>d class="right">Troy>tr>>td> </tr> able>
<tr> <td>
>&#160;   $800 > href="suggestcorrection.php?clue_id=448066" title="Suggest a correction for this clue" rel="nofollow">24>td>
>m class="correct_response">Yiddish>r />
>able width="100%">>d class="right">Troy>tr>>td> </tr> able>
<tr> <td>
>&#160;   $800 > href="suggestcorrection.php?clue_id=448068" title="Suggest a correction for this clue" rel="nofollow">18>td>
>m class="correct_response">a reef>r />
>able width="100%">>d class="right">John>tr>>td> </tr> able>
<tr> <td>
>&#160;   $800 > href="suggestcorrection.php?clue_id=448058" title="Suggest a correction for this clue" rel="nofollow">14>td>
>m class="correct_response">consolidation>r />
>able width="100%">>d class="right">Emma>tr>>td> </tr> able>
<tr> <td>
>&#160;   $800 > href="suggestcorrection.php?clue_id=448062" title="Suggest a correction for this clue" rel="nofollow">15>td>
>m class="correct_response">>Bend It Like Beckham>r />
>able width="100%">>d class="right">Troy>tr>>td> </tr> able>
<tr> <td>
>&#160;   $800 > href="suggestcorrection.php?clue_id=448070" title="Suggest a correction for this clue" rel="nofollow">25>td>
>m class="correct_response">photosynthesis>r />
>able width="100%">>d class="right">John>tr>>td> </tr> able>
<tr> <td>
>&#160;   $1200 > href="suggestcorrection.php?clue_id=448050" title="Suggest a correction for this clue" rel="nofollow">6>td>
>m class="correct_response">>The Rime of the Ancient Mariner>r />
>able width="100%">>d class="right">Troy>tr>>td> </tr> able>
<tr> <td>
>&#160;   $1200 > href="suggestcorrection.php?clue_id=448067" title="Suggest a correction for this clue" rel="nofollow">23>td>
>m class="correct_response">Urdu>r />
>able width="100%">>d class="right">John>tr>>td> </tr> able>
<tr> <td>
>&#160;   $1200 > href="suggestcorrection.php?clue_id=448056" title="Suggest a correction for this clue" rel="nofollow">17>td>
>m class="correct_response">glands>r />
>able width="100%">>d class="right">Troy>tr>>td> </tr> able>
<tr> <td>
>&#160;   $1200 > href="suggestcorrection.php?clue_id=448059" title="Suggest a correction for this clue" rel="nofollow">13>td>
>m class="correct_response">an annuity>r />
>able width="100%">>d class="right">Troy>tr>>td> </tr> able>
<tr> <td>
>&#160;   $1200 > href="suggestcorrection.php?clue_id=448063" title="Suggest a correction for this clue" rel="nofollow">12>td>
>m class="correct_response">>Blazing Saddles>r />
>able width="100%">>d class="right">Troy>tr>>td> </tr> able>
<tr> <td>
>&#160;   $1200 > href="suggestcorrection.php?clue_id=448071" title="Suggest a correction for this clue" rel="nofollow">22>td>
>m class="correct_response">photographer>r />
>able width="100%">>d class="right">Troy>tr>>td> </tr> able>
<tr> <td>
>&#160;   $1600 > href="suggestcorrection.php?clue_id=448051" title="Suggest a correction for this clue" rel="nofollow">5>td>
>m class="correct_response">>Dune>r />
>able width="100%">>d class="right">Emma>tr>>td> </tr> able>
<tr> <td>
>&#160;   $2,000 > href="suggestcorrection.php?clue_id=448049" title="Suggest a correction for this clue" rel="nofollow">1>td>
(Emma: What is Basque?)
>r />m class="correct_response">Catalan>r />
>able width="100%">>d class="wrong">Emma>tr>>td> </tr> able>
<tr> <td>
>&#160;   $1600 > href="suggestcorrection.php?clue_id=448057" title="Suggest a correction for this clue" rel="nofollow">10>td>
>m class="correct_response">a yellowjacket>r />
>able width="100%">>d class="right">John>tr>>td> </tr> able>
<tr> <td>
>&#160;   $1600 > href="suggestcorrection.php?clue_id=448060" title="Suggest a correction for this clue" rel="nofollow">7>td>
>m class="correct_response">Ethereum>r />
>able width="100%">>d class="right">Emma>tr>>td> </tr> able>
<tr> <td>
>&#160;   $1600 > href="suggestcorrection.php?clue_id=448064" title="Suggest a correction for this clue" rel="nofollow">11>td>
>m class="correct_response">>Birdman>r />
>able width="100%">>d class="right">John>tr>>td> </tr> able>
<tr> <td>
>&#160;   $8,000 > href="suggestcorrection.php?clue_id=448072" title="Suggest a correction for this clue" rel="nofollow">19>td>
>[Cheers & applause]
(Ken: We got a game!)
>r />existentialism>r />
>able width="100%">>d class="right">John>tr>>td> </tr> able>
<tr> <td>
>&#160;   $2000 4>td>
Ozymandias>r />
>able width="100%">>d class="right">Troy>tr>>td> </tr> able>
<tr> <td>
>&#160;   $2000 2>td>
Belize>r />
>able width="100%">>d class="right">John>tr>>td> </tr> able>
<tr> <td>
>&#160;   $2000 3>td>
a Gaboon viper>r />
>able width="100%">>d class="right">Troy>tr>>td> </tr> able>
<tr> <td>
>&#160;   $2000 8>td>
a fiduciary>r />
>able width="100%">>d class="right">Emma>tr>>td> </tr> able>
<tr> <td>
>&#160;   $2000 9>td>
>m class="correct_response">>Brazil>r />
>able width="100%">>d class="right">Troy>tr>>td> </tr> able>
<tr> <td>
>&#160;   $2000 21>td>
gastroenterologist>r />
>able width="100%">>d class="right">John>tr>>td> </tr> able>
Troy Emma John
>$24,400 >$2,800 $22,200
>td> >td>
> href="wageringcalculator.php?a=24400&b=22200&c=2800&player_a=Troy&player_b=John&player_c=Emma">[wagering suggestions for these scores]

>Final Jeopardy! Round responses
</table> </tr> <tr>
>HISTORY
>td>
<tr> <td class="clue_text">(Ken: [To John] Emma had the right idea, but it was Columbus' flagship that wrecked off the coast of Haiti.)
>d class="wrong">Emma able> >Final scores:
What is Nina?>tr>r>$2,799>tr>>d class="right">JohnWhat is Santa Maria?>tr>r>$11,100>tr>>d class="right">TroyWhat is Santa Maria?>tr>r>$20,001>tr>table>Santa Maria>td> </tr> able>
Troy Emma John
>$44,401 >$1 $33,300
>6-day champion: $214,802 >3rd place: $1,000 2nd place: $2,000
>Game dynamics:

>Coryat scores:

Troy Emma John
$24,200 $4,800 $15,800
26 R
>(including 1 DD),
1 W
8 R,
>5 W
(including 1 DD)
21 R
>(including 1 DD),
2 W

>Combined Coryat: $44,800

>[game clues] >[game scores] >[suggest correction]

Game tape date: 2022-12-06
The J! Archive is created by fans, for fans. Scraping, republication, monetization, and malicious use prohibited; this site may use cookies and collect identifying information. See terms. The Jeopardy! game show and all elements thereof, including but not limited to copyright and trademark thereto, are the property of Jeopardy Productions, Inc. and are protected under law. This website is not affiliated with, sponsored by, or operated by Jeopardy Productions, Inc. Join the discussion at JBoard.tv.